Consideraciones sobre todos los evangelios de los santos, que con mayor solemnidad celebra la santa iglesia

Detalles Bibliográficos
Autor principal: Santiago, Hernando de 1557-1639
Formato: Libro
Lenguaje:Spanish
Publicado: en Madrid 1603
Materias:
Colección:Banco de datos
Acervo:Biblioteca Armando Olivares Carrillo de la Universidad de Guanajuato. Fondo Conventos
Descripción Física:[12] h., 1133 p. 4°
Tema general:Homilética
Notas:Falta portada
Título tomado de la Biblioteca Nacional de México 310182
Pie de imprenta tomado del colofón
Marca de fuego: Convento del Carmen de Celaya, Gto.
Libro expurgado páginas 33, 784 y 785
Daños en la encuadernación
LEADER 00953nam a22002410004500
035 |a 4452 
041 0 |a spa 
050 4 |a BV4207  |b S3 
100 1 |a Santiago, Hernando de  |d 1557-1639 
245 1 0 |a Consideraciones sobre todos los evangelios de los santos, que con mayor solemnidad celebra la santa iglesia  |c por el Padre Maestro Fray Hernando de Santiago 
260 |a en Madrid  |b en casa de Pedro Madrigal  |c 1603 
300 |a [12] h., 1133 p.  |c 4° 
500 |a Falta portada 
500 |a Título tomado de la Biblioteca Nacional de México 310182 
500 |a Pie de imprenta tomado del colofón 
500 |a Marca de fuego: Convento del Carmen de Celaya, Gto. 
500 |a Libro expurgado páginas 33, 784 y 785 
500 |a Daños en la encuadernación  
650 1 0 |a Homilética 
949 |a CO. 8059 
942 |c GUANAJUATO 
943 |g Biblioteca Armando Olivares Carrillo de la Universidad de Guanajuato. Fondo Conventos 
999 |c 1148409  |d 1148409